书目信息 |
| 题名: |
几何画板多媒体CAI课件制作实例教程
|
|
| 作者: | 方其桂 主编 ;张杏林 编著 | |
| 分册: | ||
| 出版信息: | 北京 清华大学出版社 2002.01 |
|
| 页数: | 158页 | |
| 开本: | 16开 | |
| 丛书名: | 多媒体CAI课件制作实例教程丛书 | |
| 单 册: | ||
| 中图分类: | TP316.5 | |
| 科图分类: | ||
| 主题词: | 软件 | |
| 电子资源: | ||
| ISBN: | 7-900637-14-1 | |
| 000 | 00784nam0 2200241 45 | |
| 001 | 0206130914 | |
| 005 | 20020613092608.6 | |
| 010 | @a7-900637-14-1@d19.00元 | |
| 100 | @a20020613d2002 km y0chiy0120 ea | |
| 101 | 0 | @achi |
| 105 | @a z 000yy | |
| 200 | 1 | @a几何画板多媒体CAI课件制作实例教程@AJi He Hua Ban Duo Mei Ti CAI Ke Jian Zhi Zuo Shi Li Jiao Cheng@f方其桂主编@FFang Qi Gui Zhu Bian@g张杏林编著 |
| 210 | @a北京@c清华大学出版社@d2002.01 | |
| 215 | @a158页@d16开 | |
| 225 | @a多媒体CAI课件制作实例教程丛书 | |
| 300 | @a光盘1张 | |
| 410 | @12001 @a多媒体CAI课件制作实例教程丛书 | |
| 606 | 0 | @a软件 |
| 690 | @aTP316.5@v3 | |
| 701 | 0 | @a方其桂@4主编 |
| 702 | 0 | @a张杏林@AZhang Xing Lin@4编著 |
| 801 | @aCN@bPftUser@c20020613 | |
| 905 | @aBZT@b340421-422@dTP316.5@e5@f2 | |
| 几何画板多媒体CAI课件制作实例教程/方其桂主编/张杏林编著.-北京:清华大学出版社,2002.01 |
| 158页;16开.-(多媒体CAI课件制作实例教程丛书) |
| 光盘1张 |
| ISBN 7-900637-14-1:19.00元 |
| ● |
| 相关链接 |
|
|
|
正题名:几何画板多媒体CAI课件制作实例教程
索取号:TP316.5/5
 
预约/预借
| 序号 | 登录号 | 条形码 | 馆藏地/架位号 | 状态 | 备注 |
| 1 | 340421 | 201166727 | 中心书库中库/ 中库027架B面7列2层33/ [索取号:TP316.5/5] | 在馆 | |
| 2 | 340422 | 201166736 | 中心书库中库/ 中库027架B面7列2层37/ [索取号:TP316.5/5] | 在馆 |